| 000 | 016760000a22005050004500 | ||
|---|---|---|---|
| 003 | LK-CoMWRAF | ||
| 008 | 230817t ||||| |||| 00| 0 eng d | ||
| 040 |
_aLK-CoMWRAF _dLK-CoMWRAF _eLK-CoMWRAF |
||
| 041 | _aeng | ||
| 082 |
_a156 _bYUS |
||
| 100 | _aYusuf, S.M | ||
| 245 |
_aThe Life of Muhammad _b |
||
| 260 |
_bNur Publications _aSri Lanka (Peradeniya) _c1954 |
||
| 300 | _ap.36 | ||
| 490 | _aIslamic History and Civilisation - No. 01 | ||
| 650 | _aBad Faith of the Jews | ||
| 650 | _aBattle of Badr | ||
| 650 | _aBattle of the Ditch | ||
| 650 | _aBattle of Uhud | ||
| 650 | _aConditions in Yathrib (Medina): Background of Migration from Mecca | ||
| 650 | _aConquest of Khyber | ||
| 650 | _aConquest of Mecca | ||
| 650 | _aDeath of Muhammad | ||
| 650 | _aExpeditions to the Syrian Border | ||
| 650 | _aHis Youth | ||
| 650 | _aHouse of Muhammad | ||
| 650 | _aIslamic Brotherhood (Ukhuwwat) | ||
| 650 | _aMeccan Period: A Retrospect | ||
| 650 | _aMigration to Medina | ||
| 650 | _aMissions to Foreign Kings | ||
| 650 | _aMuhammad's Birth and Childhood | ||
| 650 | _aPact with the Jews | ||
| 650 | _aPersecution of early Muslims: Their Migration to Abyssinia | ||
| 650 | _aPersonal Qualities of Muhammad | ||
| 650 | _aPre-Islamic Arabs | ||
| 650 | _aProphethood Conferred on Muhammad | ||
| 650 | _aSpirit of Jihad (War) in Islam | ||
| 650 | _aThe Death of Abu Talib and Khadija | ||
| 650 | _aThe Ka'ba: Symbol of Unity in Islam | ||
| 650 | _aThe Meccans Boycott the Banu Hashim | ||
| 650 | _aThe Meccans' Counter-Propaganda against Muhammad | ||
| 650 | _aTreaty of Al-Hudaibiyya | ||
| 650 | _aWay of Islam | ||
| 942 | _cBK | ||
| 999 |
_c1884 _d1884 |
||